Biological mineralization / (Record no. 53053)
[ view plain ]
| 000 -LEADER | |
|---|---|
| fixed length control field | 00858cam6a220028900 4500 |
| 001 - CONTROL NUMBER | |
| control field | lce00767204 |
| 008 - FIXED-LENGTH DATA ELEMENTS--GENERAL INFORMATION | |
| fixed length control field | 720824s1973 nyua b 001 0 eng |
| 010 ## - LIBRARY OF CONGRESS CONTROL NUMBER | |
| LC control number | 72008003 |
| 020 ## - INTERNATIONAL STANDARD BOOK NUMBER | |
| International Standard Book Number | 0471983810 |
| 035 ## - SYSTEM CONTROL NUMBER | |
| System control number | (Sirsi) r97400 |
| 035 ## - SYSTEM CONTROL NUMBER | |
| System control number | (DLC) 72008003 |
| 035 ## - SYSTEM CONTROL NUMBER | |
| System control number | (UPRA)lce00767204 |
| 040 ## - CATALOGING SOURCE | |
| Modifying agency | UPRA |
| 050 0# - LIBRARY OF CONGRESS CALL NUMBER | |
| Classification number | QP531 |
| Item number | .Z55 |
| 082 ## - DEWEY DECIMAL CLASSIFICATION NUMBER | |
| Classification number | 596/.01/8 |
| 100 1# - MAIN ENTRY--PERSONAL NAME | |
| Personal name | Zipkin, Isadore. |
| Linkage | A55996.1 |
| 245 10 - TITLE STATEMENT | |
| Title | Biological mineralization / |
| Statement of responsibility, etc. | edited by Isadore Zipkin. |
| 260 ## - PUBLICATION, DISTRIBUTION, ETC. | |
| Place of publication, distribution, etc. | New York : |
| Name of publisher, distributor, etc. | Wiley, |
| Date of publication, distribution, etc. | [1973] |
| 500 ## - GENERAL NOTE | |
| General note | "A Wiley-Interscience publication." |
| 504 ## - BIBLIOGRAPHY, ETC. NOTE | |
| Bibliography, etc. note | Includes bibliographical references. |
| 650 #0 - SUBJECT ADDED ENTRY--TOPICAL TERM | |
| Topical term or geographic name entry element | Minerals in the body. |
| Linkage | S43508.1 |
| 650 #0 - SUBJECT ADDED ENTRY--TOPICAL TERM | |
| Topical term or geographic name entry element | Biomineralization. |
| Linkage | S10864.1 |
| 650 #0 - SUBJECT ADDED ENTRY--TOPICAL TERM | |
| Topical term or geographic name entry element | Bone. |
| Linkage | S10862.1 |
| 650 #0 - SUBJECT ADDED ENTRY--TOPICAL TERM | |
| Topical term or geographic name entry element | Teeth. |
| Linkage | S18284.1 |
| 949 ## - LOCAL PROCESSING INFORMATION (OCLC) | |
| a | QP531 |
| w | LC |
| i | -138307 |
| m | MEDICAL |
| t | BOOK |
| l | ON-SHELF |
No items available.